000 00485nam a2200157Ia 4500
999 _c19548
_d19548
003 OSt
005 20200602094941.0
008 190216s9999||||xx |||||||||||||| ||und||
040 _coclc
082 _a338.954
_bCHA/R
100 1 _aChandra, Bipan
_9137
245 4 _aThe Rise And Growth Of Economic Nationalism In India /
_cBipan Chandra
260 _bPeoples Pub.House,
_c1966.
_aNew Delhi:
300 _a783p
942 _cBK
_2ddc
_h338.954
_iCHA/R
_k338.954
_mCHA/R